Villes d'Irlande - Mort Subite - Statistiques

Statistiques générales
  • Ce quiz a été pris 160 fois
  • Le résultat moyen est 5 sur 24
Answers on the Grid
Answers color-coded by a green-red scale on the quiz's grid according to % correct below.
Kilkenny
Dublin
Navan
Cork
Galway
Waterford
Limerick
Drogheda
Swords
Dundalk
Newbridge
Balbriggan
Tullamore
Maynooth
Arklow
Ashbourne
Ennis
Gorey
Portarlington
Kilcock
Edenderry
Tullow
Macroom
Kill
Parksouth
Harrisburg
Glasgow
Offaly
Fairway
Londres
Newark
Lisburn
Newtonabbey
Londonderry
Belfast
Lublin
 
Statistiques - réponses
Réponse % Correct
Dublin
73%
Cork
72%
Galway
60%
Limerick
59%
Kilkenny
46%
Drogheda
32%
Dundalk
31%
Waterford
29%
Ennis
14%
Maynooth
14%
Tullamore
14%
Balbriggan
13%
Swords
13%
Kilcock
12%
Ashbourne
10%
Edenderry
10%
Arklow
8%
Gorey
6%
Kill
6%
Tullow
6%
Newbridge
5%
Macroom
4%
Portarlington
4%
Navan
3%
Aucun quiz correspondant
Distribution des résultats
% des personnes avec chaque résultat
Percentile par nombre de réponses
Votre historique - résultats
Vous n’avez pas pris ce quiz